000 00606nam a2200193 a 4500
001 1771666227249
003 YourLibrary
005 20260221150218.0
008 260221s2002##################000#0#eng##
020 _a9783631393208
082 0 4 _a338.642
_bMUL
100 1 _aMüller-Falcke, Dietrich,
_eauthor.
245 1 0 _aUse and Impact of Information and Communication Technologies in Developing Countries' Small Businesses :
260 _bPeter Lang Pub Incorporated,
_c2002.
300 _a215 pages
650 0 _aBusiness & Economics.
942 _cENGLISH
040 _aYourLibrary
_beng
_cYourLibrary
999 _c615269
_d615269